|
|
|
|
| LEADER |
00778nam a2200205Ia 4500 |
| 001 |
CTU_38422 |
| 008 |
210402s9999 xx 000 0 und d |
| 082 |
|
|
|a 621.43
|
| 082 |
|
|
|b Th107
|
| 100 |
|
|
|a Vũ, Quang Thanh
|
| 245 |
|
0 |
|a Bài giảng lý thuyết và tính toán động cơ đốt trong
|
| 245 |
|
0 |
|c Vũ Quang Thanh
|
| 260 |
|
|
|a Cần Thơ
|
| 260 |
|
|
|b Trường Đại Học Cần Thơ - Khoa Công Nghệ
|
| 260 |
|
|
|c 2000
|
| 526 |
|
|
|a Đồ án thiết kế động cơ đốt trong,Lý thuyết tính toán và thiết kế động cơ đốt trong
|
| 526 |
|
|
|b CN569,CN568
|
| 650 |
|
|
|a Internal combustion engines
|
| 650 |
|
|
|x Combustion
|
| 980 |
|
|
|a Trung tâm Học liệu Trường Đại học Cần Thơ
|